| Tag |
First Indicator |
Second Indicator |
Subfields |
| LEADER |
00000cam a2200000 a 4500 |
| 001 |
in00000070700 |
| 005 |
20151008061851.0 |
| 008 |
800723s1980 nyua b 00110 engm |
| 010 |
|
|
|a 78071738
|
| 020 |
|
|
|a 002475630X
|
| 035 |
|
|
|a (OCoLC)06254485
|
| 035 |
|
|
|9 AAJ9013AM
|
| 040 |
|
|
|a DLC
|c DLC
|d m.c.
|d TXA
|d UtOrBLW
|
| 049 |
|
|
|a TXAM
|c [1653580]
|
| 050 |
0 |
0 |
|a T11
|b .H59 1980
|
| 082 |
0 |
|
|a 808/.0666021
|2 19
|
| 100 |
1 |
|
|a Houp, Kenneth W.,
|d 1913-
|
| 245 |
1 |
0 |
|a Reporting technical information /
|c Kenneth W. Houp, Thomas E. Pearsall.
|
| 250 |
|
|
|a 4th ed.
|
| 264 |
|
1 |
|a New York :
|b Macmillan ;
|a London :
|b Collier Macmillan,
|c [1980]
|
| 264 |
|
4 |
|c ©1980
|
| 300 |
|
|
|a xii, 547 pages :
|b illustrations ;
|c 23 cm.
|
| 336 |
|
|
|a text
|b txt
|2 rdacontent
|
| 337 |
|
|
|a unmediated
|b n
|2 rdamedia
|
| 338 |
|
|
|a volume
|b nc
|2 rdacarrier
|
| 500 |
|
|
|a Includes index.
|
| 504 |
|
|
|a Bibliography: pages [537]-539.
|
| 650 |
|
0 |
|a Technical writing.
|
| 700 |
1 |
|
|a Pearsall, Thomas E.
|
| 999 |
|
|
|a MARS
|
| 999 |
f |
f |
|s 2ba117c5-3f8a-3ce1-92e6-f05b632d07df
|i 8d319453-811c-304d-9d34-c23b8c7ce0d6
|t 0
|
| 952 |
f |
f |
|p ric
|a Texas A&M University
|b Rellis Campus
|c Joint Library Facility
|d Remote Storage
|t 0
|e T11 .H59 1980
|h Library of Congress classification
|i unmediated -- volume
|m A14806239947
|
| 998 |
f |
f |
|a T11 .H59 1980
|t 0
|l Remote Storage
|